| 000 | 00496nam a2200169Ia 4500 | ||
|---|---|---|---|
| 005 | 20250424120331.0 | ||
| 008 | 250424s9999 xx 000 0 und d | ||
| 022 | _a2006473x | ||
| 050 | _aK 60 .L13/ | ||
| 245 | 4 | _aThe nigerian journal of public law (njpl) | |
| 260 | _aEnugu | ||
| 260 | _bDepartment of Public and Private Law, University of Nigeria. | ||
| 260 | _c2008 | ||
| 300 | _avi, 373 p. ; 26 cm. | ||
| 650 | _aPublic law--Nigeria--Periodicals. Law reviews--Nigeria. | ||
| 942 | _cSR | ||
| 999 |
_c38722 _d38722 |
||